Compressors : Selection and Sizing

Uložené v:
Podrobná bibliografia
Hlavný autor: Brown, Royce N. (Autor)
Médium: Kniha
Jazyk:English
Vydavateľské údaje: Oxford : Elsevier Inc., 2005
Vydanie:3. vyd.
Edícia:Engineering/Mechanical Engineering 2005
Predmet:
Tagy: Pridať tag
Žiadne tagy, Buďte prvý, kto otaguje tento záznam!

MARC

LEADER 00000nam a22000003a 4500
001 stu138058
005 20190206122844.2
008 070220s2005----uk------------------eng-d
020 |a 0-7506-7545-4 
040 |a STU  |b slo 
041 0 |a eng 
044 |a uk 
080 |a 621.51 
100 1 |a Brown, Royce N.  |4 aut 
245 1 |a Compressors :  |b Selection and Sizing 
250 |a 3. vyd. 
260 |a Oxford :  |b Elsevier Inc.,  |c 2005 
300 |a 620 s 
650 7 |a stlačovanie vzduchu a plynov, kompresory  |2 stusub 
830 0 |a Engineering/Mechanical Engineering  |v 2005 
996 |b 284J031786  |c J*107786  |l JJK12  |s P  |a 0  |w stu138058_0001